Penzión s reštauráciou - Cesta na Červený most, Bratislava

Na minha lista:
Detalhes bibliográficos
Autor principal: Pavlech, Marek, 1987- (Author)
Outros Autores: Meziani, Yakoub, 1975- (Thesis advisor)
Formato: Manuscrito Livro
Idioma:eslovaco
Publicado em: Bratislava : STU v Bratislave FA, 2010
Assuntos:
Acesso em linha:VAIS
Tags: Adicionar Tag
Sem tags, seja o primeiro a adicionar uma tag!

MARC

LEADER 00000ntm a22000003a 4500
001 stu218297
005 20210727071947.4
008 101203s2010----xo------------------slo-d
040 |a STU  |b slo 
041 0 |a slo 
044 |a xo 
100 1 |a Pavlech, Marek,  |d 1987-  |4 aut  |u A  |T FAD Fakulta architektúry  |X 40040  |U A  |Y 50  |7 A000040040 
242 0 0 |a Penzión s reštauráciou  |y eng 
245 1 |a Penzión s reštauráciou - Cesta na Červený most, Bratislava 
260 |a Bratislava :  |b STU v Bratislave FA,  |c 2010 
650 7 |a architektúra a urbanizmus  |2 stusub 
650 7 |a Architecture and Urban Design  |2 estusub 
650 7 |a penzión  |2 stusub 
650 7 |a Cesta na Červený most  |2 stusub 
650 7 |a ekológia  |2 stusub 
650 7 |a príroda  |2 stusub 
700 1 |a Meziani, Yakoub,  |d 1975-  |4 ths  |u A4140  |U FAD Fakulta architektúry  |U FAD Fakulta architektúry  |T FA Ústav konštrukcií v architektúre a inžinierskych stavieb  |X 5058  |U A4140  |Y 395  |7 A000005058 
856 4 |a info a plný text  |u http://is.stuba.sk/zp/portal_zp.pl?podrobnosti=4858  |u https://opac.crzp.sk/?fn=detailBiblioForm&sid=4156E77560192824B7641996D6BB  |3 VAIS